Vận dụng lí thuyết khảo thí, xây dựng và sử dụng bộ công cụ kiểm tra đánh giá kết quả học tập môn Vật lí lớp 12

Cơ sơ lí luận và thực tiễn về kiểm tra – đánh giá. Xây dựng bộ công cụ kiểm tra đánh giá kết quả học tập môn vật Lí lớp 12 (Học kỳ I) THPT

Đã lưu trong:
书目详细资料
主要作者: Nguyễn Văn Tuân
其他作者: Lê Thái Hưng TS. (Hướng dẫn), Hà Huy Bằng GS.TS (Hướng dẫn)
格式: 图书
语言:Vietnamese
出版: Hà Nội Trường ĐH Giáo dục - Đại học Quốc gia Hà Nội 2015
主题:
标签: 添加标签
没有标签, 成为第一个标记此记录!
Thư viện lưu trữ: Mạng thư viện Đại học Đà Nẵng
LEADER 02004nam a2200385 4500
001 000024690
003 21178
005 20170103090105.0
008 161222s2015 viesd
041 |a vie 
082 1 4 |a 530.076  |b NG-T 
100 |a Nguyễn Văn Tuân 
245 1 |a Vận dụng lí thuyết khảo thí, xây dựng và sử dụng bộ công cụ kiểm tra đánh giá kết quả học tập môn Vật lí lớp 12  |c Nguyễn Văn Tuân ; Hà Huy Bằng, Lê Thái Hưng hướng dẫn.  |k Luận văn Thạc sĩ 
246 |a Vận dụng lý thuyết khảo thí, xây dựng và sử dụng bộ công cụ kiểm tra đánh giá kết quả học tập môn vật lý lớp 12 
260 |a Hà Nội  |b Trường ĐH Giáo dục - Đại học Quốc gia Hà Nội  |c 2015 
300 |a 119 tr.  |b Hình mh.  |c 29 cm. 
500 |a Luận văn thạc sĩ Khoa học. Chuyên ngành: Lý luận và phương pháp dạy học (bộ môn Vật Lý). Mã số: 60.14.01.11 
520 3 |a Cơ sơ lí luận và thực tiễn về kiểm tra – đánh giá. Xây dựng bộ công cụ kiểm tra đánh giá kết quả học tập môn vật Lí lớp 12 (Học kỳ I) THPT 
650 0 4 |a Vật lý học  |v Luận văn tốt nghiệp  |x Dạy và học 
653 |a Giáo dục trung học 
653 |a Vật lí học 
653 |a Phướng pháp dạy học môn lý 
653 |a Vật lý 12 
700 1 |a Lê Thái Hưng  |c TS.  |e Hướng dẫn 
700 1 |a Hà Huy Bằng  |c GS.TS  |e Hướng dẫn 
OWN |a LSP 
AVA |a UDN50  |b LSP  |d 530.076 NG-T  |e available  |t Error 5001 Not defined in file expand_doc_bib_avail.  |f 1  |g 0  |h N  |i 0  |k 1 
999 |a From the UDN01 
AVA |a UDN50  |b LSP  |d 530.076 NG-T  |e available  |t Error 5001 Not defined in file expand_doc_bib_avail.  |f 1  |g 0  |h N  |i 0  |k 1 
TYP |a Monograph 
TYP |a Printed language 
980 |a Mạng thư viện Đại học Đà Nẵng